[Event "CN juniori 2011 - F14"]
[Site "Caciulata"]
[Date "2011.04.17"]
[Round "9.2"]
[White "Stanciu, Ioana-Georgiana"]
[Black "Cirlig, Ioana Andreea"]
[Result "1/2-1/2"]
[WhiteElo "1674"]
[BlackElo "1622"]
[PlyCount "33"]
[EventDate "2011.??.??"]

1. e4 c6 2. d4 d5 3. Nc3 dxe4 4. Nxe4 Bf5 5. Ng3 Bg6 6. h4 h6 7. Nf3 Nd7 8. h5
Bh7 9. Bd3 Bxd3 10. Qxd3 e6 11. Bd2 Ngf6 12. O-O Bd6 13. c4 Qc7 14. Ne4 Nxe4
15. Qxe4 Nf6 16. Qe2 O-O-O 17. Bc3 1/2-1/2

[Event "Campionatul National de Sah Feminin"]
[Site "Baile Olanesti"]
[Date "2010.01.31"]
[Round "1.11"]
[White "Foisor, Mihaela Veronica"]
[Black "Stanciu, Ioana-Georgiana"]
[Result "1-0"]
[WhiteElo "2145"]
[BlackElo "1676"]
[PlyCount "107"]
[EventDate "2010.01.31"]

1. d4 d5 2. c4 e6 3. Nc3 c6 4. e3 Be7 5. Nf3 Nf6 6. Qc2 O-O 7. b3 Nbd7 8. Be2
b6 9. O-O dxc4 10. bxc4 c5 11. Rd1 a6 12. Rb1 Qc7 13. a4 Bb7 14. Ba3 Rfe8 15.
Qb3 Ne4 16. Rbc1 Ndf6 17. Nxe4 Bxe4 18. Ne5 Rad8 19. f3 Ba8 20. Rb1 Rb8 21. Bb2
Red8 22. Bc3 Nd7 23. Nxd7 Rxd7 24. a5 Bd8 25. Be1 Qc6 26. Bg3 Rbb7 27. d5 Qc8
28. Qa4 exd5 29. cxd5 b5 30. Qa3 Bf6 31. Rbc1 c4 32. Qb4 Rd8 33. e4 Qd7 34. e5
Bg5 35. f4 Bh6 36. Bf3 Rbb8 37. Rd4 Qa7 38. Bf2 Qc7 39. h3 Rbc8 40. d6 Qb8 41.
Bh4 g5 42. fxg5 Bg7 43. Bxa8 Qxa8 44. Qe1 Rc5 45. Bg3 Rd5 46. Rcd1 Rxd4 47.
Rxd4 Qc6 48. Rd1 c3 49. e6 fxe6 50. Qxe6+ Kh8 51. Qe7 Re8 52. Qc7 Qe4 53. d7
Bd4+ 54. Kh1 1-0

[Event "Campionatul National de Sah Feminin"]
[Site "Baile Olanesti"]
[Date "2010.02.01"]
[Round "2.12"]
[White "Stanciu, Ioana-Georgiana"]
[Black "Taposu Matei , Alexandra"]
[Result "1-0"]
[WhiteElo "1676"]
[BlackElo "1816"]
[PlyCount "75"]
[EventDate "2010.01.31"]

1. e4 c5 2. Nf3 d6 3. d4 cxd4 4. Nxd4 Nf6 5. Nc3 a6 6. f3 e6 7. Be3 Be7 8. Qd2
Qc7 9. O-O-O Nc6 10. g4 Rb8 11. h4 b5 12. h5 b4 13. Nce2 Nxd4 14. Nxd4 e5 15.
Nf5 Bxf5 16. exf5 d5 17. g5 d4 18. Bf2 Nd5 19. g6 fxg6 20. hxg6 h6 21. Bh4 Nc3
22. Re1 Nxa2+ 23. Kb1 Nc3+ 24. Kc1 Qa5 25. Qh2 Qa1+ 26. Kd2 Nb1+ 27. Kc1 Na3+
28. Kd2 Qxb2 29. Bd3 Rc8 30. Rxe5 Qc3+ 31. Kd1 O-O 32. Rxe7 b3 33. Rxg7+ Kh8
34. Bf6 bxc2+ 35. Ke2 Rce8+ 36. Re7+ Kg8 37. Qxh6 Rxe7+ 38. Bxe7 1-0

[Event "Campionatul National de Sah Feminin"]
[Site "Baile Olanesti"]
[Date "2010.02.02"]
[Round "3.13"]
[White "Adam, Andreea"]
[Black "Stanciu, Ioana-Georgiana"]
[Result "1-0"]
[WhiteElo "1912"]
[BlackElo "1676"]
[PlyCount "65"]
[EventDate "2010.01.31"]

1. e4 c5 2. Nf3 e6 3. d4 cxd4 4. Nxd4 Nf6 5. Nc3 d6 6. Bd3 Bd7 7. O-O Nc6 8.
Be3 Qa5 9. Nb3 Qc7 10. Nb5 Qd8 11. Bg5 a6 12. Bxf6 gxf6 13. N5d4 Qc7 14. a3
O-O-O 15. Nxc6 Bxc6 16. Nd4 Be7 17. c4 Rdg8 18. b4 Qb6 19. Nxc6 Qxc6 20. b5 Qb6
21. bxa6 Qxa6 22. c5 Qc6 23. cxd6 Qxd6 24. Qb3 Rd8 25. Rfc1+ Kb8 26. Rab1 Rd7
27. Bb5 Rc7 28. Rxc7 Qxc7 29. Ba6 Rc8 30. Qxb7+ Qxb7 31. Rxb7+ Ka8 32. Rxe7
Rc1+ 33. Bf1 1-0

[Event "Campionatul National de Sah Feminin"]
[Site "Baile Olanesti"]
[Date "2010.02.02"]
[Round "4.15"]
[White "Stanciu, Ioana-Georgiana"]
[Black "Morea, Georgiana-Steluta"]
[Result "1/2-1/2"]
[WhiteElo "1676"]
[BlackElo "1810"]
[Annotator ",alex"]
[PlyCount "85"]
[EventDate "2010.01.31"]

1. e4 c5 2. Nf3 e6 3. d4 cxd4 4. Nxd4 a6 5. Be3 Qc7 6. Nd2 Nf6 7. f4 d6 8. Qf3
b5 9. Bd3 Bb7 10. O-O-O Nbd7 11. g4 Nc5 12. Kb1 Rc8 13. h4 Nfd7 14. g5 Nb6 15.
h5 Nba4 16. N2b3 Nxd3 17. Rxd3 e5 18. fxe5 dxe5 19. Rf1 exd4 20. Nxd4 Bc5 21.
c3 O-O 22. h6 Qe7 23. hxg7 Rfe8 24. Nf5 Qe6 25. Nh6+ Kxg7 26. Qxf7+ Qxf7 27.
Rxf7+ Kg6 28. Rxb7 Bxe3 29. Rxe3 Kxg5 30. Nf5 Kf4 31. Re1 Rcd8 32. Rxh7 Rd2 33.
Rh4+ Ke5 34. Rh6 Rxb2+ 35. Ka1 Rd2 36. Rxa6 Nxc3 37. Nh4 Rf2 38. Ng6+ Kd4 39.
e5 Re6 40. Rd1+ Kc4 41. Rdd6 Re8 42. e6 Re2 43. e7 {..........} 1/2-1/2

[Event "Campionatul National de Sah Feminin"]
[Site "Baile Olanesti"]
[Date "2010.02.03"]
[Round "5.14"]
[White "Cusmuliuc, Diana Elena"]
[Black "Stanciu, Ioana-Georgiana"]
[Result "1/2-1/2"]
[WhiteElo "1640"]
[BlackElo "1676"]
[PlyCount "67"]
[EventDate "2010.01.31"]

1. e4 c6 2. f4 d5 3. Nc3 Nd7 4. g3 dxe4 5. Nxe4 Ngf6 6. Nxf6+ Nxf6 7. Bg2 Bg4
8. Ne2 e6 9. h3 Bf5 10. d4 Be7 11. Be3 Nd5 12. Bd2 Qb6 13. Qc1 c5 14. g4 Bg6
15. Bxd5 exd5 16. f5 Bxf5 17. gxf5 cxd4 18. h4 Rc8 19. Nf4 Qc6 20. Nd3 Qd7 21.
Bg5 f6 22. Bf4 Qxf5 23. Rh2 g5 24. hxg5 fxg5 25. Be5 Rf8 26. Rf2 Qe4+ 27. Re2
Qh4+ 28. Kd2 g4 29. Qh1 Qg5+ 30. Bf4 Rxf4 31. Nxf4 Qxf4+ 32. Kd1 Qf5 33. Qe1
Rc7 34. Rc1 1/2-1/2

[Event "Campionatul National de Sah Feminin"]
[Site "Baile Olanesti"]
[Date "2010.02.04"]
[Round "6.14"]
[White "Stanciu, Ioana-Georgiana"]
[Black "Olarasu, Ioana"]
[Result "1-0"]
[WhiteElo "1676"]
[BlackElo "1803"]
[PlyCount "75"]
[EventDate "2010.01.31"]

1. e4 e5 2. Nf3 Nc6 3. Bb5 a6 4. Ba4 Nf6 5. d3 b5 6. Bb3 Be7 7. Nbd2 d6 8. c3
Na5 9. Bc2 c5 10. Nf1 Qc7 11. Ng3 O-O 12. O-O Ne8 13. d4 cxd4 14. cxd4 Nc6 15.
Be3 Bg4 16. d5 Nb4 17. Bb3 a5 18. Rc1 Qb7 19. a3 Na6 20. h3 Bd7 21. Qd2 b4 22.
Bc4 Nec7 23. Rfd1 Rfc8 24. Nxe5 dxe5 25. d6 Bc6 26. dxe7 Ne8 27. Nf5 Nac7 28.
f3 bxa3 29. bxa3 Ba4 30. Rb1 Qc6 31. Rdc1 Qd7 32. Qa2 Ne6 33. Rb6 Rc6 34. Rcb1
Rac8 35. Bd5 Rc2 36. R1b2 Rxb2 37. Qxb2 Qc7 38. Rxe6 1-0

[Event "Campionatul National de Sah Feminin"]
[Site "Baile Olanesti"]
[Date "2010.02.05"]
[Round "7.11"]
[White "Stanciu, Ioana-Georgiana"]
[Black "Adoamnei, Roxana-Antonela"]
[Result "1-0"]
[WhiteElo "1676"]
[BlackElo "2000"]
[PlyCount "49"]
[EventDate "2010.01.31"]

1. e4 c6 2. d4 d5 3. Nc3 g6 4. Nf3 Bg4 5. h3 Bxf3 6. Qxf3 dxe4 7. Nxe4 Qxd4 8.
Be3 Qxb2 9. Bc4 Qxa1+ 10. Ke2 Qg7 11. Bd4 e5 12. Bxe5 Qxe5 13. Qxf7+ Kd8 14.
Rd1+ Bd6 15. Rxd6+ Qxd6 16. Nxd6 Nd7 17. Qe8+ Kc7 18. Qxa8 Kxd6 19. Bxg8 Ke7
20. Qc8 b6 21. g4 g5 22. Ke3 c5 23. f4 gxf4+ 24. Kxf4 h6 25. Kf5 1-0

[Event "Campionatul National de Sah Feminin"]
[Site "Baile Olanesti"]
[Date "2010.02.06"]
[Round "8.8"]
[White "Marin Ionescu, Irina Luiza"]
[Black "Stanciu, Ioana-Georgiana"]
[Result "1-0"]
[WhiteElo "2144"]
[BlackElo "1676"]
[PlyCount "55"]
[EventDate "2010.01.31"]

1. c4 e5 2. g3 Nf6 3. Bg2 d5 4. cxd5 Nxd5 5. Nc3 Be6 6. Nf3 Nc6 7. O-O Be7 8.
d4 Nxc3 9. bxc3 e4 10. Nd2 f5 11. Qa4 O-O 12. Rb1 Rb8 13. e3 a6 14. c4 b5 15.
cxb5 axb5 16. Rxb5 Ra8 17. Qd1 Nb4 18. g4 Bd5 19. gxf5 Qd7 20. Rxd5 Nxd5 21.
Nxe4 Qxf5 22. Qb3 Rab8 23. Qc4 Rb4 24. Qe2 Rb6 25. a4 Rg6 26. Ng3 Nc3 27. Qc4+
Qf7 28. Qxc3 1-0

[Event "Campionatul National de Sah Feminin"]
[Site "Baile Olanesti"]
[Date "2010.02.07"]
[Round "9.9"]
[White "Stanciu, Ioana-Georgiana"]
[Black "Anusca, Madalina-Maria"]
[Result "1-0"]
[WhiteElo "1676"]
[BlackElo "2024"]
[Annotator ",alex"]
[PlyCount "97"]
[EventDate "2010.01.31"]

1. e4 c5 2. Nf3 d6 3. d4 cxd4 4. Nxd4 Nf6 5. Nc3 e6 6. f3 Nc6 7. Be3 Be7 8. Qd2
d5 9. Bb5 Bd7 10. Bxc6 Bxc6 11. e5 Nd7 12. f4 Nb6 13. f5 Qd7 14. b3 exf5 15.
O-O g6 16. Bg5 Bxg5 17. Qxg5 Qe7 18. Qe3 O-O-O 19. Rae1 Kb8 20. Qf4 Na8 21. e6+
Nc7 22. exf7 Qxf7 23. Nxc6+ bxc6 24. Qb4+ Kc8 25. Re7 Qf6 26. Na4 Nb5 27. c4 a5
28. Nb6+ Kb8 29. Qc5 Qd4+ 30. Qxd4 Nxd4 31. Rd1 $11 dxc4 32. Nd7+ Rxd7 33. Rxd7
Ne2+ 34. Kf2 Nc3 35. Rd8+ Rxd8 36. Rxd8+ Kc7 37. Rh8 Ne4+ 38. Ke3 c3 39. Rxh7+
Kb6 40. Kd3 Kc5 41. a3 Kb5 42. Rg7 a4 $11 43. b4 c5 44. bxc5 g5 45. Rf7 Nxc5+
46. Kxc3 f4 47. Rf5 Kc6 48. Kb4 Ne4 49. Re5 1-0

[Event "Youth Chess Team Balkaniad - G"]
[Site "Calimanesti"]
[Date "2010.05.04"]
[Round "3.13"]
[White "Stanciu, Ioana-Georgiana"]
[Black "Tsolaki, Eleni"]
[Result "0-1"]
[WhiteElo "1748"]
[BlackElo "1752"]
[PlyCount "85"]
[EventDate "2010.??.??"]

1. e4 c5 2. Nf3 e6 3. Nc3 d6 4. d4 cxd4 5. Nxd4 Nf6 6. f4 a6 7. Qf3 Qc7 8. Be3
b5 9. Bd3 Bb7 10. O-O-O Nbd7 11. g4 Nc5 12. Kb1 b4 13. Nce2 Nfxe4 14. Qh3 Nxd3
15. cxd3 Nc5 16. Rhe1 Nxd3 17. Rxd3 Be4 18. Bg1 Bxd3+ 19. Qxd3 Be7 20. Rc1 Qb7
21. Nc6 Rc8 22. Nxe7 Rxc1+ 23. Nxc1 Kxe7 24. Qd4 Rc8 25. Nd3 Qg2 26. Ne1 Qxg4
27. Qa7+ Ke8 28. Qd4 Qg6+ 29. Nd3 Qg2 30. Ne1 Qf1 31. Bf2 Qc4 32. Qxc4 Rxc4 33.
Nd3 f6 34. Bb6 e5 35. fxe5 dxe5 36. Ba5 e4 37. Nxb4 Rc5 38. Bb6 Rb5 39. Nxa6
Rxb6 40. Nc5 e3 41. Nd3 Rd6 42. Kc2 e2 43. b4 0-1

[Event "Youth Chess Team Balkaniad - G"]
[Site "Calimanesti"]
[Date "2010.05.04"]
[Round "4.33"]
[White "Vasova, Maria"]
[Black "Stanciu, Ioana-Georgiana"]
[Result "1-0"]
[WhiteElo "1705"]
[BlackElo "1748"]
[PlyCount "55"]
[EventDate "2010.??.??"]

1. e4 c5 2. Nf3 e6 3. d4 cxd4 4. Nxd4 Nf6 5. Bd3 Nc6 6. Be3 d6 7. c4 Be7 8. Nc3
d5 9. cxd5 exd5 10. Bb5 Qd7 11. Nf5 dxe4 12. Nxg7+ Kf8 13. Bh6 Qxd1+ 14. Rxd1
Kg8 15. Nd5 Bg4 16. Nxe7+ Nxe7 17. Rd2 Ned5 18. O-O a6 19. Bc4 Rd8 20. h3 Bc8
21. Rfd1 Be6 22. Nf5 Bxf5 23. Bxd5 Rd7 24. Bxe4 Rxd2 25. Rxd2 Bd7 26. Bxb7 a5
27. Bc8 Be8 28. Rd8 1-0

[Event "Youth Chess Team Balkaniad - G"]
[Site "Calimanesti"]
[Date "2010.05.05"]
[Round "6.33"]
[White "Stanciu, Ioana-Georgiana"]
[Black "Tandogan, Buket"]
[Result "1-0"]
[WhiteElo "1748"]
[BlackElo "1553"]
[PlyCount "77"]
[EventDate "2010.??.??"]

1. e4 c5 2. Nf3 Nc6 3. d4 cxd4 4. Nxd4 Qc7 5. Nc3 e6 6. Be3 a6 7. f4 b5 8. Qf3
Bb7 9. Bd3 Nf6 10. g4 d6 11. g5 Nd7 12. f5 Nce5 13. Qh3 Nxd3+ 14. cxd3 e5 15.
Nb3 Nc5 16. Nxc5 dxc5 17. O-O-O O-O-O 18. f6+ Kb8 19. Kb1 Bc8 20. Qf3 Be6 21.
Qf2 Rc8 22. Rc1 g6 23. Ne2 Qd6 24. d4 Bc4 25. Rhd1 Qc6 26. d5 Qd6 27. b3 Bxe2
28. Qxe2 Kb7 29. Rc2 Qd7 30. Rdc1 Bd6 31. Bxc5 Bxc5 32. Rxc5 Rxc5 33. Rxc5 h6
34. gxh6 Rxh6 35. Qd2 Rh5 36. d6 Kb8 37. Rc7 Qg4 38. d7 Qxe4+ 39. Kb2 1-0

[Event "Youth Chess Team Balkaniad - Girls U16"]
[Site "Calimanesti"]
[Date "2010.05.03"]
[Round "1.23"]
[White "Stanciu, Ioana-Georgiana"]
[Black "Ciungan, Diana Alexandra"]
[Result "1/2-1/2"]
[WhiteElo "1748"]
[BlackElo "1679"]
[PlyCount "80"]
[EventDate "2010.??.??"]

1. e4 e5 2. Nf3 Nc6 3. Bb5 a6 4. Ba4 Nf6 5. d3 b5 6. Bb3 Be7 7. Nbd2 d5 8. exd5
Nxd5 9. Ne4 O-O 10. O-O Nf6 11. Qe2 a5 12. Nxf6+ Bxf6 13. Qe4 Qd6 14. Bd5 Bd7
15. Bg5 Rad8 16. Bxf6 Qxf6 17. Bxc6 Bxc6 18. Qxe5 Qg6 19. Qf4 Rd6 20. Qg3 Qf5
21. Ne5 Bb7 22. Rae1 Re6 23. f4 f6 24. Ng4 Qc5+ 25. Qf2 Qxf2+ 26. Kxf2 Rfe8 27.
g3 h5 28. Ne3 g5 29. f5 Re5 30. h3 g4 31. hxg4 hxg4 32. Nxg4 Rxf5+ 33. Kg1 Rxe1
34. Rxe1 Rg5 35. Nxf6+ Kf7 36. Ne4 Bxe4 37. Rxe4 Rxg3+ 38. Kf2 Rg5 39. Rd4 Rh5
40. Kg3 Rh1 {... 68} 1/2-1/2

[Event "fete 12 ani"]
[Site "Voineasa"]
[Date "2010.04.09"]
[Round "3.2"]
[White "Stanciu, Ioana-Georgiana"]
[Black "Corolea, Diana-Gabriela"]
[Result "1-0"]
[WhiteElo "1748"]
[BlackElo "1629"]
[PlyCount "45"]
[EventDate "2010.??.??"]

1. e4 e6 2. d4 d5 3. Nc3 Bb4 4. e5 Nc6 5. a3 Ba5 6. Nf3 Nge7 7. Bd3 O-O 8.
Bxh7+ Kxh7 9. Ng5+ Kg8 10. Qh5 Re8 11. Qh7+ Kf8 12. Qh8+ Ng8 13. Nh7+ Ke7 14.
Bg5+ Nf6 15. Bxf6+ gxf6 16. Qxf6+ Kd7 17. Qxf7+ Ne7 18. Nf6+ Kc6 19. Nxe8 Bd7
20. Nf6 Qf8 21. Qxf8 Rxf8 22. b4 Bb6 23. b5# 1-0

[Event "fete 12 ani"]
[Site "Voineasa"]
[Date "2010.04.11"]
[Round "5.1"]
[White "Bulmaga, Elena"]
[Black "Stanciu, Ioana-Georgiana"]
[Result "0-1"]
[WhiteElo "1767"]
[BlackElo "1748"]
[PlyCount "90"]
[EventDate "2010.??.??"]

1. Nf3 d5 2. c4 e6 3. b3 Nf6 4. Bb2 Nbd7 5. g3 c5 6. d4 Qb6 7. Qc2 Bd6 8. Bg2
O-O 9. O-O cxd4 10. Bxd4 Qc7 11. Re1 e5 12. Bb2 d4 13. Na3 Qb6 14. Nb5 Bc5 15.
Ng5 h6 16. Ne4 Nxe4 17. Bxe4 Nf6 18. Bg2 Re8 19. Rad1 Bg4 20. h3 d3 21. Qxd3
Bxf2+ 22. Kh2 Rad8 23. Qc2 Qe3 24. Rd3 Rxd3 25. Qxd3 Bxg3+ 26. Kh1 Qxd3 27.
exd3 Bf5 28. Rd1 e4 29. dxe4 Nxe4 30. Kg1 Nf2 31. Rf1 Nxh3+ 32. Kh1 Bg4 33. Bd4
Re2 34. Bxa7 Nf4 35. Rxf4 Bxf4 36. Bxb7 Rxa2 37. Bb6 Rb2 38. Nd4 Be3 39. Bc5
Rd2 40. Ne6 fxe6 41. Bxe3 Rd3 42. Bf4 Rxb3 43. Ba6 Rc3 44. Be5 Rc2 45. Bd4 Be2
0-1

[Event "fete 12 ani"]
[Site "Voineasa"]
[Date "2010.04.11"]
[Round "6.1"]
[White "Stanciu, Ioana-Georgiana"]
[Black "Cusmuliuc, Diana Elena"]
[Result "1-0"]
[WhiteElo "1748"]
[BlackElo "1648"]
[PlyCount "119"]
[EventDate "2010.??.??"]

1. e4 c5 2. Nf3 d6 3. d4 cxd4 4. Nxd4 Nf6 5. Nc3 a6 6. f4 e5 7. Nf3 Nc6 8. h3
h5 9. Be3 exf4 10. Bxf4 Qc7 11. Qd2 Ne5 12. O-O-O Be6 13. Qd4 Nfd7 14. Be2 Rc8
15. Rd2 Qc5 16. Qxc5 Rxc5 17. Nd5 Bxd5 18. Rxd5 Rxd5 19. exd5 Ng6 20. Bh2 Nf6
21. Re1 Kd7 22. c4 Be7 23. Nd4 Rc8 24. Kb1 Rc7 25. Nf5 Bf8 26. Bd3 h4 27. b3
Nh5 28. Bc2 Nhf4 29. Bxf4 Nxf4 30. Nxh4 g5 31. Nf3 Be7 32. Bf5+ Kd8 33. g3 Nh5
34. Rg1 Rc5 35. Bd3 Kd7 36. Nd4 Bf6 37. Ne2 Be5 38. g4 Nf4 39. Nxf4 Bxf4 40.
Rf1 f6 41. h4 Ke7 42. h5 Rc8 43. h6 Rh8 44. h7 Be5 45. b4 Bc3 46. a3 a5 47. Kc2
axb4 48. axb4 Bd4 49. Kb3 Kf7 50. Rc1 b6 51. Rc2 Rb8 52. Ra2 Kg7 53. Ra7+ Kh8
54. Rd7 Be5 55. Ka4 b5+ 56. cxb5 Ra8+ 57. Kb3 Rb8 58. b6 Rxb6 59. Rd8+ Kg7 60.
h8=Q+ 1-0

[Event "fete 12 ani"]
[Site "Voineasa"]
[Date "2010.04.12"]
[Round "7.1"]
[White "Ciungan, Diana Alexandra"]
[Black "Stanciu, Ioana-Georgiana"]
[Result "1-0"]
[WhiteElo "1632"]
[BlackElo "1748"]
[PlyCount "121"]
[EventDate "2010.??.??"]

1. e4 c5 2. Nf3 e6 3. d4 cxd4 4. Nxd4 Nf6 5. Nc3 d6 6. Bd3 Nc6 7. Nxc6 bxc6 8.
O-O Be7 9. Bd2 O-O 10. Kh1 Qc7 11. f4 e5 12. Qe1 Be6 13. Qg3 Nh5 14. Qf3 Nxf4
15. Bxf4 exf4 16. Qxf4 h6 17. Qg3 Rab8 18. b3 Qa5 19. Ne2 Qg5 20. Qf2 Bf6 21.
Rad1 Rb6 22. Nf4 Qh4 23. g3 Qg5 24. Nxe6 fxe6 25. Qe2 Rbb8 26. Bc4 Qc5 27.
Bxe6+ Kh8 28. Rf5 Qb4 29. Qc4 Qxc4 30. Bxc4 Rbd8 31. Kg2 Rfe8 32. Bd3 Rf8 33.
Rdf1 Rfe8 34. h3 Re7 35. g4 Re5 36. Rxe5 dxe5 37. Kf3 Kg8 38. Ke2 Kf8 39. Rd1
Ke7 40. Ba6 Rb8 41. a4 Rb4 42. Bc4 Rb8 43. c3 Rd8 44. Bd3 Rb8 45. b4 Ke8 46. b5
c5 47. Bc4 Rd8 48. Bd5 Kf8 49. Rd3 Ke8 50. Kd2 Kd7 51. Kc2 Kc7 52. Kb3 Kb6 53.
Bc4 Rxd3 54. Bxd3 Kc7 55. a5 Bd8 56. Ka4 Kd6 57. Bc4 Ke7 58. b6 a6 59. Bxa6 Kd7
60. Kb5 Kd6 61. Bb7 1-0

[Event "Campionatele Nationale Individ"]
[Site "Voineasa"]
[Date "2008.04.12"]
[Round "1.3"]
[White "Stanciu, Ioana-Georgiana"]
[Black "Tufis, Miruna-Iulia"]
[Result "1-0"]
[WhiteElo "591"]
[BlackElo "431"]
[PlyCount "97"]
[EventDate "2008.??.??"]

1. e4 e5 2. Nf3 Nc6 3. Bc4 Bc5 4. Nc3 Nf6 5. d3 O-O 6. Bg5 h6 7. Bh4 Re8 8. Nd5
d6 9. Nxf6+ Kh8 10. Nxe8 Qxe8 11. O-O Be6 12. Bb3 a5 13. Bxe6 Qxe6 14. Qd2 Nd4
15. Nxd4 Bxd4 16. c3 Bc5 17. Kh1 d5 18. Qe2 d4 19. Qf3 dxc3 20. bxc3 Be7 21.
Bg3 Bf6 22. Qf5 Qd6 23. d4 Qc6 24. dxe5 Be7 25. Qxf7 Qe8 26. Qxe8+ Rxe8 27. f4
Bc5 28. Bf2 Bxf2 29. Rxf2 Rd8 30. f5 Rd3 31. f6 gxf6 32. exf6 Kg8 33. Rf3 Rxf3
34. gxf3 Kf7 35. e5 c6 36. Rg1 Ke6 37. Rg7 Kxe5 38. f7 Kf6 39. f8=Q+ Ke6 40.
Re7+ Kd5 41. Qf5+ Kc4 42. Qxa5 Kd3 43. Qf5+ Kc4 44. Re4+ Kd3 45. Rd4+ Kxc3 46.
Qd3+ Kb2 47. Rc4 Ka1 48. Rc2 Kb1 49. Qd1# 1-0

[Event "Campionatele Nationale Individ"]
[Site "Voineasa"]
[Date "2008.04.13"]
[Round "2.3"]
[White "Verdes, Adriana"]
[Black "Stanciu, Ioana-Georgiana"]
[Result "0-1"]
[WhiteElo "458"]
[BlackElo "591"]
[PlyCount "124"]
[EventDate "2008.??.??"]

1. e4 c5 2. Nf3 g6 3. Bb5 Bg7 4. d3 a6 5. Ba4 Qa5+ 6. c3 b5 7. Bb3 d6 8. Bd2
Qc7 9. O-O Nf6 10. Bg5 O-O 11. Re1 Nbd7 12. Bd5 Nxd5 13. exd5 Nf6 14. c4 Kh8
15. Nbd2 Bf5 16. Ne4 Bxe4 17. dxe4 bxc4 18. e5 dxe5 19. Nxe5 Rad8 20. Bxf6 Bxf6
21. Nxc4 Qb7 22. d6 exd6 23. Nxd6 Qb8 24. Qf3 Rxd6 25. Rad1 Bg7 26. Qg3 Rxd1
27. Rxd1 Qxg3 28. fxg3 Bxb2 29. Rb1 Rb8 30. Kf1 Be5 31. Re1 Bd4 32. Re7 Kg7 33.
Ra7 Rb6 34. Ke2 Rb2+ 35. Kd3 Rxa2 36. Kc4 Rxg2 37. Rxa6 Rxh2 38. Kd5 Rg2 39.
Ra3 Bf2 40. Rf3 Bxg3 41. Kxc5 h5 42. Kc6 h4 43. Kd7 Rf2 44. Rb3 f5 45. Rb1 h3
46. Ke6 Re2+ 47. Kd5 Re1 48. Rb7+ Kh6 49. Rb3 h2 50. Rxg3 h1=Q+ 51. Kc4 Qh4+
52. Kd3 Qxg3+ 53. Kd2 Qf2+ 54. Kd3 Re3+ 55. Kc4 Qf4+ 56. Kd5 Qe5+ 57. Kc4 Rc3+
58. Kb4 Qd4+ 59. Kb5 Rc5+ 60. Ka6 Qd6+ 61. Kb7 Rc7+ 62. Kb8 Qd8# 0-1

[Event "Campionatele Nationale Individ"]
[Site "Voineasa"]
[Date "2008.04.13"]
[Round "3.3"]
[White "Stanciu, Ioana-Georgiana"]
[Black "Ardelean, Lorela-Daniela"]
[Result "1-0"]
[WhiteElo "591"]
[BlackElo "411"]
[PlyCount "111"]
[EventDate "2008.??.??"]

1. e4 c5 2. Nf3 e6 3. d4 cxd4 4. Nxd4 a6 5. Nc3 Qc7 6. Be2 d6 7. O-O Nf6 8. Be3
Nbd7 9. Qd2 b6 10. Rad1 Bb7 11. f3 O-O-O 12. Kh1 d5 13. exd5 Bxd5 14. Bxa6+ Bb7
15. Bxb7+ Kxb7 16. Ndb5 Qe5 17. Qd4 Qh5 18. Qc4 Rc8 19. Qe2 Nd5 20. Nxd5 exd5
21. Bf4 Rc5 22. Be3 Rc4 23. Qd2 Nf6 24. Nc3 Kc6 25. Qf2 Bd6 26. f4 Ng4 27. Qg3
Re8 28. Bc1 g5 29. Rxd5 Bxf4 30. Bxf4 Rxf4 31. Qxf4 gxf4 32. Rxh5 Nf6 33. Rh6
Re6 34. g3 Kd7 35. Rxf4 Ke7 36. g4 Rd6 37. g5 Nh5 38. Rxd6 Kxd6 39. Rxf7 Ke6
40. Rxh7 Nf4 41. Rh6+ Kf5 42. Rxb6 Kxg5 43. a4 Kf5 44. a5 Ne6 45. Rxe6 Kxe6 46.
a6 Kd6 47. a7 Kc7 48. a8=Q Kb6 49. Qc8 Ka5 50. Qc5+ Ka6 51. Qb5+ Ka7 52. Qc6
Kb8 53. Qd7 Ka8 54. Nb5 Kb8 55. Nd6 Ka8 56. Qb7# 1-0

[Event "Campionatele Nationale Individ"]
[Site "Voineasa"]
[Date "2008.04.14"]
[Round "4.3"]
[White "Dragnea, Bianca-Alisa"]
[Black "Stanciu, Ioana-Georgiana"]
[Result "0-1"]
[WhiteElo "408"]
[BlackElo "591"]
[PlyCount "76"]
[EventDate "2008.??.??"]

1. e4 c5 2. Nf3 g6 3. d4 cxd4 4. Qxd4 Nf6 5. e5 Nc6 6. Qe3 Nd5 7. Qd3 Ndb4 8.
Qd1 Bg7 9. Bf4 Qa5 10. Nc3 Qc7 11. Bb5 a6 12. Ba4 b5 13. Bb3 Nxe5 14. Bxe5 Bxe5
15. O-O Bg7 16. Nd5 Nxd5 17. Qxd5 O-O 18. Qxa8 Bb7 19. Qa7 Bxb2 20. Rab1 Bg7
21. Qe3 d6 22. Ng5 Qc6 23. f3 e6 24. Qe4 Qc5+ 25. Kh1 Bxe4 26. Nxe4 Qc7 27.
Rbd1 d5 28. Nf2 Be5 29. g3 Rd8 30. Nd3 Bg7 31. a3 Qa5 32. Rfe1 Bc3 33. Rf1 Qxa3
34. Ne5 Bxe5 35. Rfe1 Bg7 36. Rd3 Qc5 37. c3 Qc7 38. Rg1 Rc8 0-1

[Event "Campionatele Nationale Individ"]
[Site "Voineasa"]
[Date "2008.04.15"]
[Round "5.1"]
[White "Stanciu, Ioana-Georgiana"]
[Black "Dumitras, Teodora-Iarina"]
[Result "1/2-1/2"]
[WhiteElo "591"]
[BlackElo "599"]
[PlyCount "72"]
[EventDate "2008.??.??"]

1. e4 e5 2. Nf3 Nf6 3. Nxe5 Qe7 4. Nf3 Qxe4+ 5. Qe2 Qxe2+ 6. Bxe2 d5 7. O-O Bd6
8. Re1 O-O 9. d4 Be6 10. Nc3 h6 11. Bd2 Nc6 12. Nb5 Rad8 13. Nxd6 cxd6 14. Rad1
Rfe8 15. a3 Bf5 16. Rc1 Be4 17. Bc3 Bxf3 18. Bxf3 Ne4 19. Bxe4 dxe4 20. Rcd1 d5
21. b4 a6 22. Bb2 Rd7 23. Re3 Rde7 24. Rde1 Re6 25. f3 f5 26. f4 h5 27. Kf2 Kf7
28. Ba1 g6 29. Bb2 b5 30. R1e2 R8e7 31. Bc3 Re8 32. Re1 Kf6 33. Kg3 Kf7 34. Kf2
Kf6 $11 35. R1e2 R8e7 36. Bb2 Kf7 1/2-1/2

[Event "Campionatele Nationale Individ"]
[Site "Voineasa"]
[Date "2008.04.15"]
[Round "6.1"]
[White "Darida, Maurada-Georgiana"]
[Black "Stanciu, Ioana-Georgiana"]
[Result "1/2-1/2"]
[WhiteElo "560"]
[BlackElo "591"]
[PlyCount "26"]
[EventDate "2008.??.??"]

1. Nf3 c5 2. e4 Nc6 3. d4 cxd4 4. Nxd4 Nf6 5. Nc3 g6 6. f3 Bg7 7. Be3 O-O 8.
Qd2 d6 9. Be2 Bd7 10. g4 a6 11. h4 h5 12. g5 Ne8 13. f4 d5 1/2-1/2

[Event "Campionatele Nationale Individ"]
[Site "Voineasa"]
[Date "2008.04.16"]
[Round "7.1"]
[White "Herciu, Ana-Maria"]
[Black "Stanciu, Ioana-Georgiana"]
[Result "1-0"]
[WhiteElo "605"]
[BlackElo "591"]
[PlyCount "79"]
[EventDate "2008.??.??"]

1. e4 c5 2. Nf3 a6 3. d4 cxd4 4. Nxd4 Nf6 5. Nc3 e5 6. Nf3 Bb4 7. Bd2 O-O 8.
Bd3 Re8 9. Qe2 Nc6 10. O-O-O d6 11. h3 b5 12. g4 Bxc3 13. Bxc3 b4 14. Bd2 Qa5
15. Kb1 Be6 16. Bc4 d5 17. exd5 Bxd5 18. g5 e4 19. Bxd5 exf3 20. Qc4 Qxd5 21.
Qxd5 Nxd5 22. Rhe1 Rad8 23. Rxe8+ Rxe8 24. Be1 f6 25. gxf6 Nxf6 26. c3 bxc3 27.
Bxc3 Ne4 28. Be1 Rd8 29. Rxd8+ Nxd8 30. Kc2 Ng5 31. h4 Nh3 32. Kd3 Kf7 33. Ke3
Ng1 34. a3 h5 35. b4 Ne6 36. a4 Nc7 37. Ke4 Ke6 38. Bc3 g6 39. Be5 Nd5 40. b5 {
Negrul a depasit timpul de gandire.} 1-0

[Event "Campionatele Nationale Individ"]
[Site "Voineasa"]
[Date "2008.04.17"]
[Round "8.3"]
[White "Stanciu, Ioana-Georgiana"]
[Black "Ciungan, Diana Alexandra"]
[Result "1-0"]
[WhiteElo "591"]
[BlackElo "431"]
[PlyCount "117"]
[EventDate "2008.??.??"]

1. e4 e5 2. Nf3 Nc6 3. Bc4 Nf6 4. Ng5 d5 5. Nxf7 Kxf7 6. exd5 Na5 7. Qe2 Nxc4
8. Qxc4 Nxd5 9. Nc3 Be6 10. Qd3 Be7 11. Qf3+ Bf6 12. Ne4 Nb4 13. Ng5+ Ke7 14.
Nxe6 Nxc2+ 15. Kd1 Kxe6 16. Qb3+ Qd5 17. Qxd5+ Kxd5 18. Kxc2 Rhf8 19. d3 Be7
20. Be3 Bc5 21. Bxc5 Kxc5 22. f3 Rad8 23. Rhe1 Kd5 24. Re4 Rd6 25. Rae1 Re8 26.
d4 Rde6 27. Kd3 exd4 28. Rxd4+ Kc6 29. Rxe6+ Rxe6 30. Rg4 Rd6+ 31. Rd4 Rxd4+
32. Kxd4 Kd6 33. Ke4 Kc5 34. Kf5 Kc4 35. Ke6 c5 36. Kf7 b5 37. Kxg7 a5 38. f4
Kd5 39. f5 a4 40. f6 a3 41. bxa3 c4 42. f7 c3 43. f8=Q c2 44. Qc8 Kd4 45. Qxc2
Kd5 46. Qc3 h5 47. Qb4 Kc6 48. a4 bxa4 49. Qa5 Kd6 50. Qb5 Ke6 51. Qc5 h4 52.
h3 a3 53. Kh6 Kf6 54. Qd5 Ke7 55. Qc6 Kf7 56. Qd6 Ke8 57. Qc7 Kf8 58. Qd7 Kg8
59. Qg7# 1-0